[Event "Madrid San Viator op-B 28th"]
[Site "Madrid"]
[Date "2017.05.21"]
[Round "7"]
[White "Sanchez Rivero, Miguel"]
[Black "Moreno Sanchez, Guillermo"]
[Result "1-0"]
[WhiteElo "1475"]
[BlackElo "1605"]
[PlyCount "75"]
[EventDate "2017.03.26"]
[EventType "swiss"]
[EventRounds "9"]
[EventCountry "ESP"]
[SourceTitle "EXT 2019"]
[Source "ChessBase"]
[SourceDate "2018.10.10"]
[SourceVersion "1"]
[SourceVersionDate "2018.10.10"]
[SourceQuality "1"]

1. e4 c5 2. Nf3 d6 3. Bb5+ Bd7 4. Bxd7+ Qxd7 5. 0-0 Nf6 6. d3 Nc6 7. c4 g6 8. Nc3 a6 9. Nd5 Nxd5 10. exd5 Ne5 11. Nxe5 dxe5 12. Be3 Rc8 13. a4 Bg7 14. Qb3 0-0 15. Qb6 Qc7 16. Qxc7 Rxc7 17. Rfb1 f5 18. f3 Rd7 19. Ra3 Rc8 20. Rb3 Bf6 21. Rb6 Rcc7 22. b4 cxb4 23. R1xb4 Kf7 24. Re6 Rd6 25. Rb6 Rxb6 26. Rxb6 Rd7 27. Kf1 g5 28. Ke2 h5 29. g3 f4 30. Bf2 Ke8 31. Re6 Rd6 32. g4 h4 33. d4 Rxe6 34. dxe6 Kd8 35. d5 Kc7 36. Kd3 Kd6 37. Bb6 e4+ 38. Kxe4 1-0

[Event "Madrid San Viator op-B 28th"]
[Site "Madrid"]
[Date "2017.05.07"]
[Round "5"]
[White "Sanchez Ortega, Ivan"]
[Black "Moreno Sanchez, Guillermo"]
[Result "0-1"]
[WhiteElo "1657"]
[BlackElo "1605"]
[PlyCount "56"]
[EventDate "2017.03.26"]
[EventType "swiss"]
[EventRounds "9"]
[EventCountry "ESP"]
[SourceTitle "EXT 2019"]
[Source "ChessBase"]
[SourceDate "2018.10.10"]
[SourceVersion "1"]
[SourceVersionDate "2018.10.10"]
[SourceQuality "1"]

1. d4 d5 2. c4 e6 3. Nf3 Nf6 4. Nc3 Bb4 5. Bg5 Bxc3+ 6. bxc3 Nbd7 7. e3 c6 8. cxd5 cxd5 9. c4 Qa5+ 10. Qd2 Qa4 11. cxd5 Ne4 12. Qb2 Qa5+ 13. Kd1 Qxd5 14. Bf4 0-0 15. Bd3 f5 16. Ke2 Ndf6 17. Rac1 Qd8 18. h3 Bd7 19. Qxb7 Qa5 20. Qb2 Rac8 21. Rhe1 Nd5 22. Be5 Nb4 23. Rxc8 Rxc8 24. Bb1 Bb5+ 25. Kd1 Nc3+ 26. Kd2 Nxb1+ 27. Qxb1 Rc2+ 28. Kd1 Ba4 0-1

[Event "Madrid San Viator op-B 28th"]
[Site "Madrid"]
[Date "2017.04.23"]
[Round "4"]
[White "Moreno Sanchez, Guillermo"]
[Black "Aguilar Guzman, Reynaldo"]
[Result "1-0"]
[WhiteElo "1605"]
[BlackElo "1558"]
[PlyCount "119"]
[EventDate "2017.03.26"]
[EventType "swiss"]
[EventRounds "9"]
[EventCountry "ESP"]
[SourceTitle "EXT 2019"]
[Source "ChessBase"]
[SourceDate "2018.10.10"]
[SourceVersion "1"]
[SourceVersionDate "2018.10.10"]
[SourceQuality "1"]

1. d4 d5 2. Nf3 Nf6 3. Bf4 Nc6 4. a3 g6 5. e3 a6 6. c4 Bg7 7. Nc3 0-0 8. Rc1 e6 9. c5 b6 10. cxb6 cxb6 11. Na4 Bb7 12. Bd3 Nh5 13. Bg5 Bf6 14. Bh6 Bg7 15. Bxg7 Kxg7 16. 0-0 b5 17. Nc5 Bc8 18. Nxe6+ Bxe6 19. Rxc6 Bd7 20. Rc5 Nf6 21. h3 Be6 22. Qe2 Ne4 23. Rc2 Rc8 24. Rfc1 Rxc2 25. Qxc2 Qa5 26. Qd1 Rc8 27. Rxc8 Bxc8 28. Qc2 Nd6 29. Qc5 Qd8 30. Qxd5 Qf6 31. Qe5 Nc4 32. Qxf6+ Kxf6 33. Bxc4 bxc4 34. Ne5 Be6 35. f3 g5 36. Kf2 h5 37. Kg3 h4+ 38. Kf2 Ke7 39. e4 f6 40. Nc6+ Kd6 41. Nb4 a5 42. Nc2 Kc7 43. Ne3 Kb6 44. d5 Bd7 45. Nxc4+ Kb5 46. Nd2 Ka4 47. Ke3 Kb5 48. f4 gxf4+ 49. Kxf4 a4 50. Ke3 Kc5 51. Nf3 Kc4 52. Nd2+ Kc5 53. Kd3 f5 54. exf5 Bxf5+ 55. Kc3 Kxd5 56. Nf3 Bd7 57. Nxh4 Ke4 58. Nf3 Kf4 59. h4 Kg4 60. Ne5+ 1-0

[Event "Madrid San Viator op 24th"]
[Site "Madrid"]
[Date "2015.05.24"]
[Round "8"]
[White "Moreno Sanchez, Guillermo"]
[Black "Cujba, Anca Claudia"]
[Result "0-1"]
[WhiteElo "1626"]
[BlackElo "1787"]
[PlyCount "98"]
[EventDate "2015.03.22"]
[EventType "swiss"]
[EventRounds "9"]
[EventCountry "ESP"]
[SourceTitle "EXT 2016"]
[Source "ChessBase"]
[SourceDate "2015.10.08"]
[SourceVersion "1"]
[SourceVersionDate "2015.10.08"]
[SourceQuality "1"]

1. d4 Nf6 2. c4 g6 3. Nc3 Bg7 4. Nf3 d6 5. e4 Nbd7 6. Bd3 0-0 7. 0-0 e5 8. d5 Nc5 9. Bc2 a5 10. h3 Bd7 11. Be3 Qc8 12. Qe2 Ne8 13. Bxc5 dxc5 14. Na4 b6 15. Nc3 Nd6 16. Rad1 Qe8 17. Nh2 f5 18. exf5 gxf5 19. f4 exf4 20. Qxe8 Raxe8 21. Rxf4 Bd4+ 22. Kf1 Nxc4 23. Nf3 Ne3+ 24. Ke2 Nxc2+ 25. Kd3 Nb4+ 26. Kc4 Bxc3 27. bxc3 Na6 28. Rd2 Re3 29. Kb3 Rfe8 30. Rh4 a4+ 31. Kb2 Re2 32. Rxe2 Rxe2+ 33. Ka3 Rxg2 34. Ne5 Be8 35. Rh6 Bg6 36. Kxa4 Rxa2+ 37. Kb5 Be8+ 38. Kc4 b5+ 39. Kb3 Ra4 40. Rf6 Bg6 41. Nxg6 hxg6 42. Rxg6+ Kf7 43. Rh6 f4 44. Re6 f3 45. Re1 f2 46. Rf1 Rf4 47. Kc2 b4 48. cxb4 cxb4 49. Kd2 Nc5 0-1

[Event "Madrid San Viator op 23rd"]
[Site "Madrid"]
[Date "2014.11.23"]
[Round "9"]
[White "Moreno Sanchez, Guillermo"]
[Black "Enriquez Pastor, Jorge"]
[Result "1-0"]
[WhiteElo "1629"]
[BlackElo "1445"]
[PlyCount "119"]
[EventDate "2014.09.28"]
[EventType "swiss"]
[EventRounds "9"]
[EventCountry "ESP"]
[SourceTitle "EXT 2016"]
[Source "ChessBase"]
[SourceDate "2015.10.08"]
[SourceVersion "1"]
[SourceVersionDate "2015.10.08"]
[SourceQuality "1"]

1. d4 f5 2. c4 Nf6 3. Nc3 e6 4. Nf3 d5 5. Bg5 Bb4 6. Qa4+ Nc6 7. e3 Bxc3+ 8. bxc3 0-0 9. cxd5 exd5 10. Bd3 Qe8 11. Qc2 Ne4 12. Bf4 Qd8 13. 0-0 Ne7 14. Ne5 Ng6 15. Nxg6 hxg6 16. c4 c6 17. cxd5 cxd5 18. Qe2 Be6 19. Rac1 Rc8 20. f3 Nf6 21. Qb2 Rxc1 22. Rxc1 Qb6 23. Qxb6 axb6 24. Rc7 Rf7 25. Rc1 Bd7 26. Rb1 b5 27. Bxb5 Bxb5 28. Rxb5 Rd7 29. Kf2 Kf7 30. Kg3 Nh5+ 31. Kh4 Nxf4 32. exf4 Re7 33. a4 Rd7 34. g4 Ke7 35. Kg5 Kf7 36. gxf5 gxf5 37. Kxf5 Re7 38. Rxd5 b6 39. Rd6 Ra7 40. Rxb6 Rxa4 41. d5 Ra5 42. Rb7+ Kg8 43. Ke6 Ra8 44. Ke7 Rf8 45. Rb4 Rf7+ 46. Kd6 g6 47. Re4 Kf8 48. Kc6 Rf6+ 49. d6 g5 50. fxg5 Rxf3 51. h4 Rc3+ 52. Kd7 Rc5 53. Ke6 Rc8 54. d7 Rd8 55. Rf4+ Kg7 56. h5 Ra8 57. Rf7+ Kg8 58. g6 Ra6+ 59. Ke7 Ra7 60. Ke8 1-0

[Event "Madrid San Viator op 23rd"]
[Site "Madrid"]
[Date "2014.11.16"]
[Round "8"]
[White "Moreno Sanchez, Guillermo"]
[Black "Luque Ibanez, Manuel"]
[Result "0-1"]
[WhiteElo "1629"]
[BlackElo "1994"]
[PlyCount "72"]
[EventDate "2014.09.28"]
[EventType "swiss"]
[EventRounds "9"]
[EventCountry "ESP"]
[SourceTitle "EXT 2016"]
[Source "ChessBase"]
[SourceDate "2015.10.08"]
[SourceVersion "1"]
[SourceVersionDate "2015.10.08"]
[SourceQuality "1"]

1. d4 d5 2. c4 e6 3. Nc3 c5 4. cxd5 exd5 5. Nf3 Nf6 6. Bg5 Be6 7. e3 Be7 8. Bb5+ Kf8 9. 0-0 a6 10. Ba4 c4 11. Bh4 Bf5 12. Ne5 b5 13. Bc2 Bxc2 14. Qxc2 b4 15. Ne2 Nfd7 16. Bg3 f6 17. Qf5 g6 18. Qf4 Kg7 19. Nf3 Nc6 20. h4 h5 21. Bh2 Nf8 22. Qg3 Ne6 23. Nf4 Nxf4 24. Qxf4 Qd7 25. Ne1 Rac8 26. f3 a5 27. Nc2 a4 28. Rfd1 Qb7 29. e4 b3 30. axb3 axb3 31. Na3 c3 32. bxc3 b2 33. Rab1 Bxa3 34. exd5 Ne7 35. d6 Nd5 36. Qe4 Rce8 0-1

[Event "Madrid San Viator op 21st"]
[Site "Madrid"]
[Date "2013.10.27"]
[Round "6"]
[White "Martin Rodriguez, Jose Luis"]
[Black "Moreno Sanchez, Guillermo"]
[Result "0-1"]
[WhiteElo "1412"]
[BlackElo "1621"]
[PlyCount "72"]
[EventDate "2013.09.29"]
[EventType "swiss"]
[EventRounds "9"]
[EventCountry "ESP"]
[SourceTitle "EXT 2015"]
[Source "ChessBase"]
[SourceDate "2014.11.20"]
[SourceVersion "1"]
[SourceVersionDate "2014.11.20"]
[SourceQuality "1"]

1. e4 c5 2. Nf3 d6 3. d4 cxd4 4. Nxd4 Nf6 5. Nc3 a6 6. f4 g6 7. Be2 Bg7 8. Be3 0-0 9. g4 e6 10. g5 Ne8 11. Qd2 e5 12. Nf3 exf4 13. Bxf4 Nc6 14. 0-0-0 Be6 15. h4 f5 16. Bxd6 Nxd6 17. Qxd6 Qxd6 18. Rxd6 fxe4 19. Nxe4 Bg4 20. Bc4+ Kh8 21. Nfd2 Bf5 22. Bd5 Be5 23. Rf6 Bxf6 24. Nxf6 Rad8 25. Re1 Kg7 26. Bxc6 bxc6 27. Re7+ Rf7 28. Re5 Rxf6 29. Re7+ Rf7 30. Re5 Rfd7 31. Re2 Bg4 32. Rf2 Re7 33. Rf1 Re2 34. Rd1 Rh2 35. Rg1 Rhxd2 36. Re1 Rd1+ 0-1

[Event "Madrid San Viator op 20th"]
[Site "Madrid"]
[Date "2013.05.26"]
[Round "7"]
[White "Moreno Sanchez, Guillermo"]
[Black "Enriquez Pastor, Jorge"]
[Result "0-1"]
[WhiteElo "1664"]
[BlackElo "1398"]
[PlyCount "132"]
[EventDate "2013.04.07"]
[EventType "swiss"]
[EventRounds "9"]
[EventCountry "ESP"]
[SourceTitle "EXT 2014"]
[Source "ChessBase"]
[SourceDate "2013.11.20"]
[SourceVersion "1"]
[SourceVersionDate "2013.11.20"]
[SourceQuality "1"]

1. d4 d5 2. Nf3 c6 3. Bg5 Bf5 4. e3 Nd7 5. Be2 Ngf6 6. 0-0 e6 7. c4 Bxb1 8. Rxb1 Be7 9. cxd5 Nxd5 10. Bxe7 Qxe7 11. Qb3 Qb4 12. Qc2 0-0 13. Bd3 h6 14. Nd2 c5 15. a3 Qb6 16. Qa4 N5f6 17. Rfc1 cxd4 18. exd4 Rac8 19. Rxc8 Rxc8 20. Bb5 Nb8 21. Rd1 a6 22. Bd3 Qxb2 23. h3 Nc6 24. Nf3 Qc3 25. Bf1 Qa5 26. Qb3 Qc7 27. Rb1 b5 28. Rc1 Qd6 29. Qb2 Ne7 30. Rd1 Qc6 31. Re1 Qc3 32. Qa2 Nf5 33. Rd1 Qc2 34. Qa1 Qc3 35. Qa2 Rd8 36. Be2 Rd7 37. Rd3 Qc7 38. Qb2 Re7 39. Rc3 Qd6 40. Qd2 Rc7 41. Rd3 Nd5 42. Ne5 Nfe7 43. Bh5 f6 44. Rg3 Nf5 45. Bf7+ Kf8 46. Rf3 fxe5 47. dxe5 Qxe5 48. Bg6 Qf6 49. Bh5 g6 50. Bxg6 Qxg6 51. g4 Rf7 52. Qa5 Nh4 53. Qd8+ Kg7 54. Rxf7+ Qxf7 55. Qxh4 Qe7 56. Qg3 Qf7 57. Qe5+ Qf6 58. Qd6 Nf4 59. Qc7+ Qf7 60. Qc3+ Qf6 61. Qc7+ Kg6 62. Kh2 e5 63. Kg3 Nd3 64. Qc2 e4 65. Qe2 Qe5+ 66. Kg2 Nf4+ 0-1

[Event "Madrid San Viator op 20th"]
[Site "Madrid"]
[Date "2013.05.12"]
[Round "5"]
[White "Moreno Sanchez, Guillermo"]
[Black "Perez, Alvaro"]
[Result "1/2-1/2"]
[WhiteElo "1664"]
[BlackElo "1836"]
[PlyCount "47"]
[EventDate "2013.04.07"]
[EventType "swiss"]
[EventRounds "9"]
[EventCountry "ESP"]
[SourceTitle "EXT 2014"]
[Source "ChessBase"]
[SourceDate "2013.11.20"]
[SourceVersion "1"]
[SourceVersionDate "2013.11.20"]
[SourceQuality "1"]

1. d4 Nf6 2. c4 e5 3. dxe5 Ng4 4. Nf3 Nc6 5. e3 Ngxe5 6. Nc3 Bb4 7. Bd2 a5 8. a3 Bc5 9. Ne4 Qe7 10. Bc3 d6 11. h3 0-0 12. Nxc5 dxc5 13. Nxe5 Nxe5 14. Qh5 Ng6 15. Bd3 Ra6 16. 0-0 Rd8 17. Rad1 Rad6 18. Bxg6 Rxg6 19. Qe5 Be6 20. Qxc5 Qxc5 21. Rxd8+ Qf8 22. Rxf8+ Kxf8 23. g4 Bxc4 24. Rc1 1/2-1/2

[Event "Madrid-ch Previa-A"]
[Site "Madrid"]
[Date "2013.02.12"]
[Round "5"]
[White "Moreno Sanchez, Guillermo"]
[Black "Castro Uceda, Jose Antonio"]
[Result "1-0"]
[WhiteElo "1644"]
[BlackElo "1668"]
[PlyCount "73"]
[EventDate "2013.02.04"]
[EventType "swiss"]
[EventRounds "9"]
[EventCountry "ESP"]
[SourceTitle "EXT 2015"]
[Source "ChessBase"]
[SourceDate "2014.11.20"]
[SourceVersion "1"]
[SourceVersionDate "2014.11.20"]
[SourceQuality "1"]

1. d4 d5 2. c4 dxc4 3. Nf3 e6 4. e3 Nf6 5. Bxc4 Bb4+ 6. Nc3 0-0 7. 0-0 b6 8. Qb3 Bxc3 9. bxc3 Bb7 10. Ne5 Re8 11. Ba3 Nc6 12. Rad1 Na5 13. Qa4 Nxc4 14. Qxc4 Qc8 15. Qb3 Nd7 16. Nd3 Qd8 17. f3 Qg5 18. Bc1 Qg6 19. Nf4 Qf6 20. e4 Qe7 21. Nh3 f6 22. Rfe1 Kh8 23. Qb5 Rad8 24. Qh5 g6 25. Qh4 f5 26. Bg5 Qf8 27. Bxd8 Rxd8 28. exf5 gxf5 29. Ng5 Qg8 30. Rxe6 Bd5 31. Re7 Nf6 32. Rde1 Rf8 33. Rxc7 Bf7 34. Ree7 Bg6 35. Rxa7 Re8 36. Nf7+ Bxf7 37. Qxf6+ 1-0

[Event "Madrid-ch Previa-A"]
[Site "Madrid"]
[Date "2013.02.11"]
[Round "4"]
[White "Apaza, Gabriela Erica"]
[Black "Moreno Sanchez, Guillermo"]
[Result "0-1"]
[WhiteElo "1196"]
[BlackElo "1644"]
[PlyCount "54"]
[EventDate "2013.02.04"]
[EventType "swiss"]
[EventRounds "9"]
[EventCountry "ESP"]
[SourceTitle "EXT 2015"]
[Source "ChessBase"]
[SourceDate "2014.11.20"]
[SourceVersion "1"]
[SourceVersionDate "2014.11.20"]
[SourceQuality "1"]

1. d4 d5 2. Nf3 Nf6 3. e3 e6 4. Bd3 c6 5. Nbd2 Bd6 6. e4 dxe4 7. Nxe4 Nxe4 8. Bxe4 h6 9. 0-0 Nd7 10. Re1 0-0 11. c3 Qc7 12. Bc2 Nf6 13. Ne5 Rd8 14. Qf3 Ne8 15. Qg3 f6 16. Qg6 fxe5 17. Qh7+ Kf8 18. Qh8+ Kf7 19. Qh7 exd4 20. Qg6+ Kf8 21. g3 dxc3 22. bxc3 Qf7 23. Qh7 Nf6 24. Qd3 Bc7 25. Ba3+ Kg8 26. g4 Rxd3 27. Bxd3 Nxg4 0-1

[Event "Madrid-ch Previa-A"]
[Site "Madrid"]
[Date "2013.02.04"]
[Round "1"]
[White "Moreno Sanchez, Guillermo"]
[Black "Hernandez Gutierrez, Jose"]
[Result "1/2-1/2"]
[WhiteElo "1644"]
[BlackElo "1852"]
[PlyCount "67"]
[EventDate "2013.02.04"]
[EventType "swiss"]
[EventRounds "9"]
[EventCountry "ESP"]
[SourceTitle "EXT 2015"]
[Source "ChessBase"]
[SourceDate "2014.11.20"]
[SourceVersion "1"]
[SourceVersionDate "2014.11.20"]
[SourceQuality "1"]

1. d4 Nf6 2. c4 e6 3. Nc3 Bb4 4. Qc2 0-0 5. Bg5 c5 6. e3 d6 7. Nf3 Nbd7 8. Be2 Qa5 9. 0-0 Bxc3 10. Qxc3 Qxc3 11. bxc3 b6 12. Bf4 Ne4 13. Rac1 h6 14. h3 Ndf6 15. Rfd1 Bb7 16. Ne1 Rfd8 17. f3 Ng5 18. Bxg5 hxg5 19. Bd3 Ba6 20. Nc2 Rac8 21. Na3 Nd7 22. Nb5 Bxb5 23. cxb5 c4 24. Be2 f5 25. e4 f4 26. Re1 e5 27. d5 Rc7 28. Red1 a5 29. bxa6 Ra8 30. Rb1 Rxa6 31. Rd2 Ra3 32. Rc2 Rc5 33. Kf2 b5 34. Ke1 1/2-1/2

[Event "Madrid San Viator op 19th"]
[Site "Madrid"]
[Date "2012.11.18"]
[Round "9"]
[White "Jimenez Elices, Jose Maria"]
[Black "Moreno Sanchez, Guillermo"]
[Result "1-0"]
[WhiteElo "1905"]
[BlackElo "1635"]
[PlyCount "41"]
[EventDate "2012.09.23"]
[EventType "swiss"]
[EventRounds "9"]
[EventCountry "ESP"]
[SourceTitle "EXT 2013"]
[Source "ChessBase"]
[SourceDate "2012.11.22"]
[SourceVersion "1"]
[SourceVersionDate "2012.11.22"]
[SourceQuality "1"]

1. e4 c5 2. Nf3 d6 3. d4 cxd4 4. Nxd4 Nf6 5. Nc3 a6 6. Bc4 e6 7. Bb3 Qc7 8. 0-0 Nc6 9. Kh1 Be7 10. f4 Nxd4 11. Qxd4 e5 12. Qf2 exf4 13. Bxf4 0-0 14. Rae1 Be6 15. e5 Ng4 16. Qg3 Nxe5 17. Rxe5 Qd8 18. Bh6 Bf6 19. Bxg7 Bh4 20. Bf6+ Bxg3 21. Rg5# 1-0

[Event "Madrid San Viator op 19th"]
[Site "Madrid"]
[Date "2012.09.30"]
[Round "2"]
[White "Moreno Sanchez, Guillermo"]
[Black "Martin Rodriguez, Jose Luis"]
[Result "0-1"]
[WhiteElo "1635"]
[BlackElo "1431"]
[PlyCount "170"]
[EventDate "2012.09.23"]
[EventType "swiss"]
[EventRounds "9"]
[EventCountry "ESP"]
[SourceTitle "EXT 2013"]
[Source "ChessBase"]
[SourceDate "2012.11.22"]
[SourceVersion "1"]
[SourceVersionDate "2012.11.22"]
[SourceQuality "1"]

1. d4 Nf6 2. c4 e6 3. Nc3 Bb4 4. Qc2 0-0 5. Bg5 d5 6. e3 Nbd7 7. Nf3 c6 8. Bd3 Be7 9. 0-0 dxc4 10. Bxc4 Nd5 11. Bxe7 Qxe7 12. a3 N7f6 13. Bd3 h6 14. Ne2 Qc7 15. h3 Bd7 16. Rac1 Rac8 17. e4 Nf4 18. Nxf4 Qxf4 19. Ne5 h5 20. g3 Qg5 21. h4 Qh6 22. Qe2 Rcd8 23. f3 Bc8 24. Qf2 Nd7 25. Nc4 Nf6 26. e5 Nd5 27. Rce1 f5 28. exf6 gxf6 29. Bb1 Kh8 30. Kh2 Rg8 31. Rg1 Rdf8 32. Nd6 f5 33. Ba2 f4 34. Ne4 fxg3+ 35. Nxg3 Qf4 36. Re5 Qxh4+ 37. Kg2 Nf4+ 38. Kf1 Rxg3 39. Rxg3 Nd3 40. Qg2 Nxe5 41. dxe5 Qf4 42. Rh3 Qc1+ 43. Kf2 Qd2+ 44. Kg1 Qxg2+ 45. Kxg2 Rf5 46. Kg3 Rxe5 47. Rh2 Kg7 48. Bb1 Kf6 49. Be4 Rg5+ 50. Kf4 Rg7 51. Rxh5 Rg2 52. Rh8 Bd7 53. Rd8 Ke7 54. Rh8 Rxb2 55. Rh7+ Kd6 56. Kg5 Rb3 57. Kf6 Rxa3 58. Rh2 Ra1 59. Rd2+ Kc7 60. Ke7 Bc8 61. Rd3 Rc1 62. Bg6 Rc5 63. Bf7 Rd5 64. Re3 Rd7+ 65. Kf6 Rxf7+ 66. Kxf7 Kd6 67. f4 c5 68. Rd3+ Kc6 69. Rd8 Kc7 70. Ke7 c4 71. Rd4 b5 72. Rd1 c3 73. Rc1 b4 74. Kf6 Kc6 75. Ke5 Kc5 76. Ke4 Kc4 77. Ke3 Bb7 78. Ke2 Bc6 79. Ra1 Kb3 80. Kd1 Be4 81. Rxa7 Kb2 82. Rc7 c2+ 83. Kd2 b3 84. Rc3 Ka2 85. Rc4 b2 0-1

[Event "Madrid Chamartin op 1st"]
[Site "Madrid"]
[Date "2012.09.13"]
[Round "7"]
[White "Gonzalez Pabollet, Jesus Maria"]
[Black "Moreno Sanchez, Guillermo"]
[Result "1-0"]
[WhiteElo "1978"]
[BlackElo "1635"]
[PlyCount "57"]
[EventDate "2012.09.09"]
[EventType "swiss"]
[EventRounds "9"]
[EventCountry "ESP"]
[SourceTitle "CBM 150 Extra"]
[Source "ChessBase"]
[SourceDate "2012.10.19"]
[SourceVersion "1"]
[SourceVersionDate "2012.10.19"]
[SourceQuality "1"]

1. e4 c5 2. Nf3 d6 3. d4 cxd4 4. Nxd4 Nf6 5. Nc3 a6 6. Be2 e6 7. Be3 Be7 8. Qd2 b5 9. a3 Bb7 10. f3 Qc7 11. 0-0 0-0 12. Rac1 Nbd7 13. Rfd1 Rad8 14. Kh1 Nb8 15. Bd3 Nbd7 16. Qf2 Ne8 17. f4 Ba8 18. Nf3 Nef6 19. Qg3 Nh5 20. Qh3 g6 21. f5 Ne5 22. fxe6 Bb7 23. Nd5 Bxd5 24. exd5 Nxf3 25. gxf3 Rde8 26. Rg1 Qc8 27. Qxh5 fxe6 28. Rxg6+ Kh8 29. Rg8+ 1-0

[Event "Madrid Chamartin op 1st"]
[Site "Madrid"]
[Date "2012.09.11"]
[Round "4"]
[White "Salgado Duarte, Pablo"]
[Black "Moreno Sanchez, Guillermo"]
[Result "0-1"]
[WhiteElo "1579"]
[BlackElo "1635"]
[PlyCount "138"]
[EventDate "2012.09.09"]
[EventType "swiss"]
[EventRounds "9"]
[EventCountry "ESP"]
[SourceTitle "CBM 150 Extra"]
[Source "ChessBase"]
[SourceDate "2012.10.19"]
[SourceVersion "1"]
[SourceVersionDate "2012.10.19"]
[SourceQuality "1"]

1. d4 d5 2. c4 e6 3. Nc3 Nf6 4. Nf3 Bb4 5. Bd2 0-0 6. cxd5 exd5 7. e3 Bg4 8. Be2 Re8 9. 0-0 c6 10. Re1 Nbd7 11. Qb3 Bxc3 12. Bxc3 Qc7 13. Rac1 Rac8 14. Qa3 a6 15. h3 Bh5 16. Nd2 Bg6 17. Bf3 Ra8 18. Bb4 Re6 19. Nb3 b6 20. Nd2 Ra7 21. Nf1 a5 22. Bd2 b5 23. Qb3 Nb6 24. Be2 Qd7 25. Nh2 h5 26. Nf3 Ne4 27. Qd1 Nc4 28. Bxc4 dxc4 29. Nh4 Qd5 30. Rf1 Qg5 31. Nf3 Qf6 32. Be1 h4 33. Ne5 Qg5 34. f4 Qf6 35. Qf3 Nd6 36. Nxg6 fxg6 37. Bc3 Qf5 38. Qxc6 Rae7 39. Bd2 Ne4 40. Qa8+ Re8 41. Qxa5 Nxd2 42. Qxd2 Rxe3 43. Rce1 Rxe1 44. Rxe1 Rxe1+ 45. Qxe1 Qxf4 46. Qf2 g5 47. Qxf4 gxf4 48. Kf2 g5 49. Kf3 Kg7 50. Kg4 Kf6 51. d5 b4 52. d6 Ke6 53. d7 Kxd7 54. Kxg5 c3 55. bxc3 bxc3 56. Kxf4 c2 57. Kg4 c1Q 58. Kxh4 Qe1+ 59. Kg4 Qe4+ 60. Kg3 Qe5+ 61. Kg4 Ke6 62. h4 Qf5+ 63. Kg3 Ke5 64. a4 Qf4+ 65. Kh3 Qxa4 66. g3 Qd7+ 67. Kh2 Qg4 68. Kg2 Ke4 69. Kh2 Kf3 0-1

[Event "Madrid San Viator op 16th"]
[Site "Madrid"]
[Date "2011.06.05"]
[Round "9"]
[White "Moreno Sanchez, Guillermo"]
[Black "Garcia Sanjuan, Jose"]
[Result "0-1"]
[WhiteElo "1651"]
[BlackElo "1919"]
[PlyCount "97"]
[EventDate "2011.03.27"]
[EventType "swiss"]
[EventRounds "9"]
[EventCountry "ESP"]
[SourceTitle "EXT 2012"]
[Source "ChessBase"]
[SourceDate "2011.11.24"]
[SourceVersion "1"]
[SourceVersionDate "2011.11.24"]
[SourceQuality "1"]

1. d4 b6 2. c4 Bb7 3. Nc3 Nf6 4. Bg5 Ne4 5. Nxe4 Bxe4 6. e3 h6 7. Bh4 g5 8. Bg3 Bg7 9. Be2 Bxg2 10. Bf3 Bxh1 11. Bxh1 c6 12. Bf3 0-0 13. Bh5 d5 14. cxd5 Qxd5 15. Ne2 Qh1+ 16. Kd2 Qxd1+ 17. Rxd1 Nd7 18. h4 Nf6 19. Bf3 Rac8 20. hxg5 hxg5 21. Rg1 Nh7 22. Be4 f5 23. Bd3 b5 24. Nc1 c5 25. Bxb5 cxd4 26. Nd3 dxe3+ 27. fxe3 Rfd8 28. b3 e6 29. Ba6 Rc6 30. Bb5 Rc5 31. Bc4 Nf8 32. Ke2 Rcc8 33. Rh1 Kf7 34. Rh5 Kg6 35. Rh1 Bf6 36. Ne5+ Kg7 37. Nf3 g4 38. Ne5 Rc5 39. Nd3 Ra5 40. a4 e5 41. Be1 Rad5 42. Bxd5 Rxd5 43. Bc3 Ne6 44. Rg1 Ng5 45. b4 Ne4 46. Ba1 Kf7 47. Rc1 g3 48. Rc7+ Kg6 49. Rxa7 0-1

[Event "Madrid San Viator op 16th"]
[Site "Madrid"]
[Date "2011.04.10"]
[Round "3"]
[White "Ruiz Sanchez, Roberto"]
[Black "Moreno Sanchez, Guillermo"]
[Result "1-0"]
[WhiteElo "2035"]
[BlackElo "1651"]
[PlyCount "57"]
[EventDate "2011.03.27"]
[EventType "swiss"]
[EventRounds "9"]
[EventCountry "ESP"]
[SourceTitle "EXT 2012"]
[Source "ChessBase"]
[SourceDate "2011.11.24"]
[SourceVersion "1"]
[SourceVersionDate "2011.11.24"]
[SourceQuality "1"]

1. e4 c5 2. Nf3 d6 3. d4 cxd4 4. Nxd4 Nf6 5. Nc3 a6 6. Be2 e6 7. 0-0 Be7 8. f4 Nbd7 9. a4 Qb6 10. Kh1 Nc5 11. Bf3 Ncd7 12. a5 Qc7 13. Qe1 Ng8 14. Be3 Bf6 15. Qd2 Ne7 16. Rfd1 Ng6 17. f5 Bxd4 18. Bxd4 Nge5 19. Qg5 g6 20. Qh6 Nf6 21. Qg7 Rg8 22. Qxf6 Nxf3 23. gxf3 gxf5 24. Rg1 Rxg1+ 25. Rxg1 Qxa5 26. Rg7 Qc7 27. Bb6 Qe7 28. Rg8+ Kd7 29. Rd8+ 1-0

[Event "Madrid San Viator op 14th"]
[Site "Madrid"]
[Date "2010.05.16"]
[Round "7"]
[White "Galan Velasco, Alvaro"]
[Black "Moreno Sanchez, Guillermo"]
[Result "1/2-1/2"]
[WhiteElo "1622"]
[BlackElo "1666"]
[PlyCount "118"]
[EventDate "2010.03.28"]
[EventType "swiss"]
[EventRounds "9"]
[EventCountry "ESP"]
[SourceTitle "EXT 2011"]
[Source "ChessBase"]
[SourceDate "2010.11.26"]
[SourceVersion "1"]
[SourceVersionDate "2010.11.26"]
[SourceQuality "1"]

1. f4 d5 2. e3 Nf6 3. Nf3 g6 4. Nc3 a6 5. Be2 Bg7 6. 0-0 0-0 7. d3 Nbd7 8. Bd2 e6 9. a3 c5 10. Rb1 b5 11. b4 cxb4 12. axb4 Ng4 13. d4 h5 14. h3 Nh6 15. Be1 Nf6 16. Bd3 Bb7 17. Bh4 Qc7 18. Bxf6 Bxf6 19. Ne2 Rfe8 20. Ng3 h4 21. Nh1 Rac8 22. Qe1 Qe7 23. Qe2 Nf5 24. Ne5 Bxe5 25. fxe5 Qg5 26. Rbe1 Kg7 27. Qf3 Rf8 28. Qf4 Qe7 29. Rb1 Rh8 30. Kh2 Rh5 31. g4 hxg3+ 32. Nxg3 Nxg3 33. Kxg3 Rch8 34. Rh1 Rh4 35. Qf6+ Qxf6 36. exf6+ Kxf6 37. Rbf1+ Ke7 38. Rf4 Rxf4 39. exf4 Kf6 40. h4 Kg7 41. Kg4 f5+ 42. Kg3 Kf6 43. Re1 Bc8 44. Re2 Rh7 45. Re1 Rc7 46. Rb1 Rc3 47. Rb3 Rxb3 48. cxb3 Ke7 49. Kf3 Kd6 50. Ke2 Kc6 51. Kd2 Kb6 52. Kc2 a5 53. Kb2 Bd7 54. Be2 a4 55. Bf1 axb3 56. Kxb3 Kc7 57. Kc3 Kd6 58. Kd3 Ke7 59. Ke3 Kf6 1/2-1/2